An ecogeographical study of Vicia: subgenus Vicia
Guardat en:
| Autor principal: | |
|---|---|
| Format: | Llibre |
| Idioma: | anglès |
| Publicat: |
Roma, República Italiana
IPGRI
1995
|
| Col·lecció: | Systemic and Ecogeographic Studies on Crop Genepools.
8 |
| Matèries: | |
| Etiquetes: |
Afegir etiqueta
Sense etiquetes, Sigues el primer a etiquetar aquest registre!
|
MARC
| LEADER | 00000nam a2200000 a 4500 | ||
|---|---|---|---|
| 001 | UCZ1575 | ||
| 003 | CL-VaPUC | ||
| 005 | 20250227103316.0 | ||
| 008 | 950824e19950000IT |||||||||||||||||eng|d | ||
| 999 | |c 238311 |d 238309 | ||
| 040 | |c Pontificia Universidad Católica de Valparaíso | ||
| 082 | 0 | 4 | |a 583.32 MAX 1995 |2 21 |
| 100 | |a Maxted, Nigel |e autor |9 345169 | ||
| 245 | 1 | 3 | |a An ecogeographical study of Vicia: subgenus Vicia |
| 260 | 0 | 3 | |a Roma, República Italiana |b IPGRI |c 1995 |
| 300 | |a 184 páginas | ||
| 490 | 0 | |a Systemic and Ecogeographic Studies on Crop Genepools. |v 8 | |
| 583 | |a last modification |c 19950824 00:00:00 |k Rodrigo Vera | ||
| 650 | 0 | |a Vicia |9 345170 | |
| 650 | 7 | |a LEGUMINOSAS FORRAJERAS |2 CL-VaPUC |9 345171 | |
| 650 | 0 | |a Botánica |9 264202 | |
| 650 | 7 | |a DISTRIBUCION GEOGRAFICA DE LAS PLANTAS |2 CL-VaPUC |9 345172 | |
| 942 | |c BK |2 ddc | ||
| 945 | |d 19950824 00:00:00 |a awong | ||
| 952 | |0 0 |1 0 |2 ddc |4 0 |6 583_320000000000000_MAX_1995 |7 0 |8 A |9 248413 |a BIBCUR |b BIBCUR |d 2019-11-18 |i 312701K |o 583.32 MAX 1995 |p 312701K |r 2025-04-22 |t 1 |w 2019-11-18 |y BK |k BIO | ||